| 000 | 00916nam a22002537a 4500 | ||
|---|---|---|---|
| 005 | 20180226123339.0 | ||
| 008 | 180222b xxu||||| |||| 00| 0 eng d | ||
| 010 | _aB-689607 | ||
| 020 |
_c750.00 _a9789325982291 |
||
| 035 | _aB-689607 | ||
| 037 |
_bPansy _adpl |
||
| 040 |
_adpl _bEng |
||
| 082 | _a658.15 | ||
| 100 | 1 |
_926630 _aPandey, I.M. |
|
| 245 | 1 | 0 |
_aFinancial management / _cby I. M. Pandey |
| 250 | _a11th ed | ||
| 260 |
_aNoida _bVikas Publishing House _c2017 |
||
| 270 |
_aA-22, Sector-4 _bNoida _e201301 |
||
| 300 |
_avarious pagings _c27cm(pbk) |
||
| 500 | _aIncludes index | ||
| 942 |
_2ddc _cEN _mPAN _h658.15 |
||
| 999 |
_c150097 _d150097 |
||